000 00345 a2200145 4500
005 20250616163814.0
020 _a0 406 60453 3
082 _a342.420 JAC
100 _aJACKSON, P. W.
245 _aLocal Government.
250 _a3rd Ed.
260 _aLondon,
_bButterworths,
_c1976.
300 _avii,312p.: chart
_bIndex
_c23cm
942 _2ddc
_cBKS
999 _c133
_d133